Jacobean drama / (رقم التسجيلة. 14312)

تفاصيل مارك
000 -الفاتح
حقل البيانات ثابتة الطول 01811cam a2200325 a 4500
001 - رقم الضبط
رقم الضبط 16270662
003 - محدد رقم الضبط
رقم الضبط OSt
005 - وقت وتاريخ اخر تعامل مع التسجيلة
رقم الضبط 20150408113918.0
008 - عناصر البيانات ثابتة الطول - معلومات عامة
حقل البيانات ثابتة الطول 100607s2010 nyu bq 001 0 eng
010 ## - رقم ضبط مكتبة الكونجرس
رقم ضبط مكتبة الكونجرس 2010023727
020 ## - الرقم الدولى المعيارى للكتب
الرقم الدولى المعيارى للكتاب 9780230008151 (hbk.)
020 ## - الرقم الدولى المعيارى للكتب
الرقم الدولى المعيارى للكتاب 9780230008168 (pbk.)
040 ## - مصدر الفهرسة
وكالة الفهرسة الأصلية DLC
وكالة النسخ DLC
وكالة التعديل DLC
042 ## - رمز التحقق
رمز التحقق pcc
050 00 - رقم طلب مكتبة الكونجرس
رقم التصنيف PR671
رقم المادة .A43 2010
082 00 - رقم تصنيف ديوى العشرى
رقم التصنيف 822.309
رقم الطبعة 22
رقم المادة APJ
100 1# - المدخل الرئيسى - إسم شخصى
الإسم الشخصى Aebischer, Pascale,
التواريخ المصاحبة للاسم 1970-
9 (RLIN) 4190
245 10 - بيان العنوان
العنوان Jacobean drama /
بيان المسئوليه,etc Pascale Aebischer ; consultant editor, Nicolas Tredell.
260 ## - PUBLICATION, DISTRIBUTION, ETC. (IMPRINT)
مكان الناشر او الموزع New York :
اسم الناشر او الموزع Palgrave Macmillan,
تاريخ النشر أو التوزيع 2010.
300 ## - الوصف المادى
التعداد x, 205 p. ;
أبعاد الوعاء 23 cm
490 0# - بيان السلسلة
عنوان السلسلة Readers' guides to essential criticism
504 ## - تبصرة ببليوجرافية
تبصرة ببليوجرافية,الخ Includes bibliographical references (p. 182-193), filmography (p. 194-196) and index.
505 8# - تبصرة محتويات-الفهرس
تبصرة المحتويات المصاغة Machine generated contents note: Acknowledgements -- Introduction -- The Critical Trail - Early Views to the Twentieth Century -- Theatre History -- Textual Transmission -- Historical Contexts -- The Genres of Jacobean Drama -- Body and Race Scholarship -- Gender and Sexuality -- Performance Studies -- Conclusion -- Notes -- Select Bibliography -- Select Filmography -- Index.
520 ## - التبصرة الخاصة بالتعليق أو التلخيص
ملخص,الخ "This Readers' Guide introduces readers to the criticism and debates that are specific to the drama of the Jacobean period. Covering playwrights such as Jonson, Middleton, Dekker, Webster, as well as Shakespeare, the guide explores key topics including theatrical conditions, genre, performance studies, textual transmission, gender and race"--
650 #0 - المدخل الاضافى بالموضوع-مصطلح موضوعى
مصطلح موضوعي أو اسم جغرافي كعنصر مدخل English drama
التقسيم الفرعي الزمني 17th century
التقسيم الفرعي العام History and criticism.
9 (RLIN) 3922
700 1# - المدخل الاضافى - اسم شخصى
الإسم الشخصى Tredell, Nicolas.
9 (RLIN) 4013
906 ## - عنصر بيانات محلى F, LDF (RLIN)
a 7
b cbc
c orignew
d 1
e ecip
f 20
g y-gencatlg
942 ## - عناصر المدخل الإضافي( كوها)
مصدر التصنيف او مخطط الترفيف Dewey Decimal Classification
Koha [default] item type DVD
المقتنيات
حالة الفقد نموذج السعر الفعال حالة تلف ليس للاعارة رقم الطلب تاريخ الاكتساب الموقع الحالي الباركود الفرع الرئيسي Date last seen نوع المادة فى نظام كوها مصدر التصنيف او خطة الترفيف Total Checkouts
  2013-03-10     822.309 APJ 2011-09-10 قسم الاجراءات الفنية (IC) 00101696 قسم الاجراءات الفنية (IC) 2013-03-10 كتاب Dewey Decimal Classification  
  2013-03-10     822.309 APJ 2011-09-10 قسم الاجراءات الفنية (IC) 00101695 قسم الاجراءات الفنية (IC) 2013-03-10 كتاب Dewey Decimal Classification  
  2013-03-10     822.309 APJ 2011-09-11 قسم الاجراءات الفنية (IC) 00101651 قسم الاجراءات الفنية (IC) 2013-03-10 كتاب Dewey Decimal Classification  
  2013-03-10     822.309 APJ 2011-09-11 قسم الاجراءات الفنية (IC) 00101650 قسم الاجراءات الفنية (IC) 2013-03-10 كتاب Dewey Decimal Classification